ARRUPE JESUIT UNIVERSITY

CORONAVIRUS -STOP THE SPREAD - CLEAN,DISINFECT,COVER

Un homme de Dieu : (Record no. 126656)

MARC details
000 -LEADER
fixed length control field 00726cam a22002291i 4500
001 - CONTROL NUMBER
control field 9299001
003 - CONTROL NUMBER IDENTIFIER
control field ARRUPE
005 - DATE AND TIME OF LATEST TRANSACTION
control field 20170811151410.0
008 - FIXED-LENGTH DATA ELEMENTS--GENERAL INFORMATION
fixed length control field 791024s1950 fr 000 0 fre
010 ## - LIBRARY OF CONGRESS CONTROL NUMBER
LC control number a 50005790
035 ## - SYSTEM CONTROL NUMBER
System control number (OCoLC)5580986
040 ## - CATALOGING SOURCE
Original cataloging agency DLC
Transcribing agency InIU
Modifying agency OCoLC
-- ScCC
-- OCoLC
-- DLC
042 ## - AUTHENTICATION CODE
Authentication code premarc
050 00 - LIBRARY OF CONGRESS CALL NUMBER
Classification number PQ2625.A755
Item number H6 1950
082 ## - DEWEY DECIMAL CLASSIFICATION NUMBER
Classification number 842.91
300 ## - PHYSICAL DESCRIPTION
Dimensions 19 cm.
100 1# - MAIN ENTRY--PERSONAL NAME
Personal name Marcel, Gabriel,
Dates associated with a name 1889-1973.
9 (RLIN) 4472
245 13 - TITLE STATEMENT
Title Un homme de Dieu :
Remainder of title pièce en quatre actes /
Statement of responsibility, etc Garbriel Marcel.
260 ## - PUBLICATION, DISTRIBUTION, ETC. (IMPRINT)
Place of publication, distribution, etc Paris :
Name of publisher, distributor, etc La Table Ronde,
Date of publication, distribution, etc 1950.
300 ## - PHYSICAL DESCRIPTION
Extent 215 p. ;
440 ## - SERIES STATEMENT/ADDED ENTRY--TITLE
Title La table ronde
9 (RLIN) 34771
906 ## - LOCAL DATA ELEMENT F, LDF (RLIN)
a 7
b cbc
c oclcrpl
d u
e ncip
f 19
g y-gencatlg
942 ## - ADDED ENTRY ELEMENTS (KOHA)
Source of classification or shelving scheme Library of Congress Classification
Koha item type Monograph ( Printed materials)
Holdings
Withdrawn status Lost status Source of classification or shelving scheme Damaged status Not for loan Collection code Home library Current library Shelving location Date acquired Total Checkouts Full call number Barcode Date last seen Price effective from Koha item type
    Library of Congress Classification     Main Collection ARRUPE LIBRARY ARRUPE LIBRARY Main Collection 11/08/2017   PQ2625.A755 H6 1950 46500024924 26/03/2019 11/08/2017 Monograph ( Printed materials)

 

Arrupe Library. PO Box MP320 Mt Pleasant, Harare, Zimbabwe
263 242 745411|librarian@aju.ac.zw